| 000 | 00515nam a2200169 4500 | ||
|---|---|---|---|
| 001 | 112195 | ||
| 003 | ES-MaACL | ||
| 005 | 20230906185453.0 | ||
| 007 | t| | ||
| 008 | 061121s1972 sp r ||||1| spa d | ||
| 100 | 1 |
_aNicolson, Harold. _985605 |
|
| 245 | 1 | 3 |
_aLa era de la razón _b: el siglo XVIII / _cHarold Nicolson; [traducción de J. Ferrer Alau]. |
| 260 |
_aBarcelona : _bPlaza & Janés, _c1972. |
||
| 300 |
_a445 p. ; _c24 cm. |
||
| 700 | 1 |
_aFerrer Alau, J. _950440 |
|
| 852 |
_aES-MaACL _jC-49257 _bR.84696 |
||
| 999 |
_c112195 _d112195 |
||